|
|
|
|
| LEADER |
00000cam a2200000 a 4500 |
| 001 |
vtls001405462 |
| 003 |
SK-MaSNL |
| 005 |
20260301161956.0 |
| 008 |
251113s2000 xo ad r 000 0 slo |
| 015 |
|
|
|a SNBA2001/03-01000
|
| 035 |
|
|
|a SNK000360082
|
| 035 |
|
|
|a urn:nbn:sk:snk-amti3v
|
| 035 |
|
|
|a urn:nbn:sk:snk-am00c4zc
|
| 035 |
|
|
|a 2D0D8B09-2D71-416A-BD60-C9959FA40DA6
|
| 040 |
|
|
|a SNK
|b slo
|c SNK
|e AACR2
|
| 041 |
0 |
|
|a slo
|b eng
|
| 044 |
|
|
|a xo
|c SK
|
| 080 |
|
|
|a 330.101+330.8
|2 1981
|
| 080 |
|
|
|a 330.8
|2 1981
|
| 100 |
1 |
|
|a Prachár, Ivan
|4 aut
|9 8737
|
| 245 |
1 |
|
|a Základné otázky reprodukcie, rastu a rovnováhy v neoklasickej a keynesiánskej teórii
|c Ivan Prachár
|
| 260 |
|
|
|a Bratislava
|b Prognostický ústav SAV
|c 2000
|
| 300 |
|
|
|a 41 s.
|c 30 cm
|
| 366 |
|
|
|e 45 výtl.
|
| 490 |
1 |
|
|a Štúdie
|v č. 2
|x 0862-9153
|
| 504 |
|
|
|a Obsahuje bibliografiu
|
| 546 |
|
|
|a Res. angl.
|
| 650 |
0 |
7 |
|a ekonómia
|2 SNKPH
|9 788
|
| 650 |
0 |
7 |
|a ekonomické teórie
|2 SNKPH
|9 2164
|
| 655 |
|
7 |
|a štúdie
|2 SNK
|9 57033
|
| 810 |
2 |
|
|a Slovenská akadémia vied.
|b Prognostický ústav
|t Štúdie
|9 289935
|
| 958 |
|
|
|a TL
|
| 958 |
|
|
|a NB
|
| 999 |
|
|
|c 811549
|d 813479
|
| 952 |
|
|
|a SNK
|b SNK
|y VYP
|7 0
|p 17A0264410
|o snkSB 62851 D1
|i snkKSP 141/2001
|0 0
|1 0
|4 0
|d 2009-04-16
|l 0
|r 2026-02-24 02:38:14
|w 2026-02-24
|
| 952 |
|
|
|a SNK
|b SNK
|y PREZ
|7 0
|p 17A0264982
|o snkSB 62851
|i snkKSP 543/2001
|0 0
|1 0
|4 0
|d 2001-01-23
|f 1
|l 0
|r 2025-04-15 00:00:00
|w 2026-02-24
|